| 000 | 00616nam a2200205 i 4500 | ||
|---|---|---|---|
| 001 | 129526 | ||
| 003 | ES-MaACL | ||
| 005 | 20250812090325.0 | ||
| 007 | t| | ||
| 008 | 070625s1976 sp ||||1| spa d | ||
| 080 | _a32(04) | ||
| 245 | 0 | 0 |
_aTextos de la nueva izquierda / _cSelección, traducción e introducción de Andrés Linares. |
| 260 |
_a[Madrid] : _bMiguel Castellote, _c[1976] |
||
| 300 |
_a390 p. ; _c21 cm. |
||
| 650 | 7 |
_aPolítica _2embne _9140345 |
|
| 650 | 1 | 7 |
_aNueva izquierda _2embne _915642 |
| 700 | 1 |
_aLinares, Andrés. _972328 |
|
| 852 |
_aES-MaACL _jA-5671 _bR.94611 |
||
| 999 |
_c129526 _d129526 |
||